Normal view
MARC view
Entry Personal Name
001 - CONTROL NUMBER
- control field: 137994
003 - CONTROL NUMBER IDENTIFIER
- control field:
005 - DATE AND TIME OF LATEST TRANSACTION
- control field: 20210601190737.0
008 - FIXED-LENGTH DATA ELEMENTS
- fixed length control field: 210601|| aca||aabn | a|a d
040 ## - CATALOGING SOURCE
- Original cataloging agency:
- Transcribing agency:
100 ## - HEADING--PERSONAL NAME
- Personal name: Banerjee, R. D.,
- Titles and other words associated with a name: 1885-1930
670 ## - SOURCE DATA FOUND
- Source citation: Work cat.: (): Banerjee, R. D., 1885-1930, The origin of the Bengali script /, 1919
